| 000 | 01114nas a2200349 4500 | ||
|---|---|---|---|
| 001 | BR2011002474 | ||
| 003 | BR-BrBNA | ||
| 005 | 20231205115301.0 | ||
| 007 | ta | ||
| 008 | 230509b bl.|||p| |||| 00| 00por d | ||
| 040 |
_aBR-BrBNA _bpor _cBiblioteca Nacional de Agricultura |
||
| 041 | _a(Pt) | ||
| 072 | _aL01; L10 | ||
| 100 | 1 | _aGarcia, A.R. | |
| 100 | 1 | _aNahúm, B. de S. | |
| 100 | 1 | _aLourenço Junior, J. de B. | |
| 100 | 1 | _aCosta, A. da | |
| 100 | 1 | _aGoncalves, K. da S. | |
| 100 | 1 | _aMiyasaki, M.Y.A. | |
| 100 | 1 | _aAndrade, A.F.C. de | |
| 100 | 1 | _aArruda, R.P. de | |
| 245 | 1 | _aAssociação da medroxiprogesterona ao protocolo Ovsynch para inseminação artificial em tempo fixo de búfalas cíclicas (Bubalus bubalis)criadas na Amazônia Oriental | |
| 650 | _aBUFALO | ||
| 650 | _aMATRIZ | ||
| 650 | _aINSEMINAÇÃO ARTIFICIAL | ||
| 650 | _aCICLO ESTRAL | ||
| 650 | _aPROGESTERONA | ||
| 650 | _aOVÁRIO | ||
| 773 | 0 |
_tActa Amazônica (Brazil) _xISSN 0044-5967 _g(Sep 2008), v. 38(3) p. 369-378 _wBR2011002474 |
|
| 909 |
_a202311 _bLúcia _c55 _dLúcia Elande |
||
| 942 |
_2AGRIS _n0 _cANA |
||
| 999 |
_c213000 _d213000 |
||